01282nab a22001817a 4500003000400000005001700004008004100021040000700062100003700069245019900106300001500305505053800320505007200858650002300930650001400953650003000967773010300997OSt20260106211752.0190514b xxu||||| |||| 00| 0 spa d cPJ aCloss Saracho, Erhard Otto Oscar13aLa autodeterminación de la persona con discapacidad y la operatividad de los sistemas de apoyos :bhacia una implementación efectiva /cErhard Otto Oscar Closs Saracho, María Laura Alonso. ap. 175-184 aSumario: I. Importancia del tema.— II. Del viejo sistema de sustitución de la capacidad.— III. Hacia el nuevo paradigma de toma de decisiones asistida.— IV. Los sistemas de apoyo para la toma de decisiones.— V. Designación autónoma de apoyos en nuestro ordenamiento interno.— VI. El deber del Estado en la conformación de los sistemas de apoyo. Su regulación y la experiencia en la provincia de Neuquén.— VII. El rol del Ministerio Público en el contralor del sistema de apoyo.— VIII. Reflexiones finales. tSi te interesa el texto, comunicate a koha@justierradelfuego.gov.ar 0aDERECHO DE FAMILIA 0aCAPACIDAD 0aPERSONAS CON DISCAPACIDAD0 02844dBuenos Aires : AbeledoPerrot, 1989-tDerecho de familia. N° 116 - Septiembre 2024z18511201